<?xml version="1.0" encoding="UTF-8"?><?xml-stylesheet type="text/xsl" href="static/style.xsl"?><OAI-PMH xmlns="http://www.openarchives.org/OAI/2.0/" xmlns:xsi="http://www.w3.org/2001/XMLSchema-instance" xsi:schemaLocation="http://www.openarchives.org/OAI/2.0/ http://www.openarchives.org/OAI/2.0/OAI-PMH.xsd"><responseDate>2026-06-07T23:47:43Z</responseDate><request verb="GetRecord" identifier="oai:docta.ucm.es:20.500.14352/73769" metadataPrefix="marc">https://docta.ucm.es/rest/oai/request</request><GetRecord><record><header><identifier>oai:docta.ucm.es:20.500.14352/73769</identifier><datestamp>2023-08-24T09:38:00Z</datestamp><setSpec>com_20.500.14352_1</setSpec><setSpec>col_20.500.14352_2</setSpec></header><metadata><record xmlns="http://www.loc.gov/MARC21/slim" xmlns:dcterms="http://purl.org/dc/terms/" xmlns:xsi="http://www.w3.org/2001/XMLSchema-instance" xmlns:doc="http://www.lyncode.com/xoai" xsi:schemaLocation="http://www.loc.gov/MARC21/slim http://www.loc.gov/standards/marcxml/schema/MARC21slim.xsd">
   <leader>00925njm 22002777a 4500</leader>
   <datafield ind2=" " ind1=" " tag="042">
      <subfield code="a">dc</subfield>
   </datafield>
   <datafield ind2=" " ind1=" " tag="720">
      <subfield code="a">Mayo Vega, Luis Manuel</subfield>
      <subfield code="e">author</subfield>
   </datafield>
   <datafield ind2=" " ind1=" " tag="720">
      <subfield code="a">Armenta Deu, Almudena</subfield>
      <subfield code="e">author</subfield>
   </datafield>
   <datafield ind2=" " ind1=" " tag="720">
      <subfield code="a">Carpintero, Casandra</subfield>
      <subfield code="e">author</subfield>
   </datafield>
   <datafield ind2=" " ind1=" " tag="720">
      <subfield code="a">Milanovski, Gordana</subfield>
      <subfield code="e">author</subfield>
   </datafield>
   <datafield ind2=" " ind1=" " tag="720">
      <subfield code="a">Santos Muños, José Alberto de</subfield>
      <subfield code="e">author</subfield>
   </datafield>
   <datafield ind2=" " ind1=" " tag="260">
      <subfield code="c">2011-05-18</subfield>
   </datafield>
   <datafield ind2=" " ind1=" " tag="520">
      <subfield code="a">Los participantes se han volcado, como si  quisieran hacer un homenaje a tan significativo espacio y a aquellos que lo han hecho posible. Casandra Carpintero con su libro de botánica, en parte elaborado en la clase de medallas donde modeló la placa de portada y que fue además expuesto en la Biblioteca histórica de la Fundación Valdecilla; José Alberto de Santos Muñoz, con la vida del  patio de su casa, donde hay una palmera y anidan los gorriones, pajarillos presentes en muchas de sus obras artísticas. Luis Javier Gelado nos enseña un libro de viajes por sus ciudades, recordándonos a Joseph Cornell, el eterno "viajero inmóvil", y al concepto de que lo propio siempre es motivo de inspiración en la creación artística. Alicia Calbet Díaz ha creado un libro/objeto en torno a la miel y a su proceso de elaboración, en sintonía con su preocupación por la sostenibilidad del mundo natural que nos rodea. Teresa Rodríguez expone un libro/muestrario en el que refleja sus conocimientos de restauradora y el libro de Jacobo Oubiña manifiesta  su preocupación por las escalas, estableciendo la comparación entre la del hombre y su entorno. Luis Antonio Monroy juega aquí el papel de visionario, de lo que va a suceder, como si nos advirtiera con su obra de que el papel es un recuerdo del pasado y la era digital no ha hecho mas que asomar. Fernando Arroyo enseña sus tripas, aquello que nos sucede en lo más íntimo y a lo que sobrevivimos a través y con la ayuda del arte. Por último las obras de nuestras colaboradoras, Irene Rodríguez Rodríguez y Mónica Fernández Carro, columnas docentes de esta asignatura, muestran ahora su faceta de artistas, la primera en torno a la memoria y los objetos que nos la evocan, y la segunda en torno a la botánica y el mundo en el que está inmersa, el de los hospitales.</subfield>
   </datafield>
   <datafield ind1="8" ind2=" " tag="024">
      <subfield code="a">https://hdl.handle.net/20.500.14352/73769</subfield>
   </datafield>
   <datafield ind1="8" ind2=" " tag="024">
      <subfield code="a">https://webs.ucm.es/BUCM/bba/47282.php</subfield>
   </datafield>
   <datafield ind2="0" ind1="0" tag="245">
      <subfield code="a">Mundos en libros. Libros de artista: Una exposición de los alumnos de Proyectos II</subfield>
   </datafield>
</record></metadata></record></GetRecord></OAI-PMH>